000 00850nam a22002897a 4500
003 CHAP
005 20220329140013.0
008 971013s1974 r 00010 d
010 _a45364
011 _a46336
035 _a50477
040 _cCHAP
082 _a633.34
_bT4
110 _aTennessee Valley Authority. Muscle Shoals, Ala.
_9112263
245 _aSoybean production, marketing and use
260 _aMuscle Shoals, Ala. :
_b(s.e.),
_c1974
300 _a186 p.
_b: ilus.
490 _aBulletin
_v; Y-69
590 _aBATCH-UPD
_b10
_c20130110
_lUCH01
_h1124
590 _aCONVERSION
_b10
_c20130109
_lUCH01
_h1325
650 1 4 _aSoya.
_9109013
650 1 4 _aSoya
_xMercadeo.
_9109070
830 0 _aBulletin
_v; Y-69
_916039
901 _aBK
942 _cLIBRO
949 _a633.34 T4
_bBC
_cLIBRO
_d33724000216701
_eLIBRO
_h39078
_i50477
_mD
_si
999 _c45364
_d45364